Statistics for Rolling Stone Magazine's Top 50 Best Stand-Up Comics of All Time

Click here to take the quiz!

General Stats

  • This quiz has been taken 106 times
  • The average score is 12 of 50

Answer Stats

#Comedians% Correct
7Jerry Seinfeld
77%
1Richard Pryor
75%
25Eddie Murphy
69%
5Chris Rock
65%
2George Carlin
64%
12Robin Williams
64%
11Steve Martin
55%
4Louis C.K
51%
9Dave Chapelle
47%
8Bill Cosby
45%
3Lenny Bruce
39%
6Joan Rivers
38%
26Rodney Dangerfield
36%
17Bill Burr
35%
43Amy Schumer
31%
30Woody Allen
30%
23Don Rickles
29%
31Sarah Silverman
29%
41Bernie Mac
27%
27Redd Foxx
27%
13Bill Hicks
26%
18Kevin Hart
26%
15Steven Wright
25%
38Roseanne Barr
23%
37Sam Kinison
18%
40Garry Shandling
16%
48Margaret Cho
14%
20Mitch Hedberg
14%
21Bob Newhart
13%
49Aziz Ansari
12%
24Eddie Izzard
12%
16Billy Connolly
10%
50Wanda Sykes
10%
45Freddie Prinze
9%
14Andy Kaufman
8%
34Patton Oswalt
8%
42Phyllis Diller
8%
19Albert Brooks
6%
22Jonathan Winters
6%
29Dick Gregory
5%
39Jackie "Moms" Mabley
5%
33Janeane Garofalo
5%
28Robert Klein
5%
35Tig Notaro
5%
47Elayne Boosler
4%
10Mort Sahl
4%
32Patrice O'Neal
3%
36Daniel Kitson
1%
46Reggie Watts
1%
44Russell Peters
1%

Score Distribution

Percentile by Number Answered

Percent of People with Each Score

Your Score History

You have not taken this quiz